Much ado about nothing

Salvato in:
Dettagli Bibliografici
Autore principale: Shakespeare, William
Natura: Libro
Lingua:Undetermined
Pubblicazione: New York, Estados Unidos Signet 1964
Soggetti:
Tags: Aggiungi Tag
Nessun Tag, puoi essere il primo ad aggiungerne!!

MARC

LEADER 00000nam a2200000Ia 4500
008 170316s9999 xx 000 0 und d
040 |a cru BVZT 
090 |a 820 S-5mu 
100 |a Shakespeare, William 
245 |a Much ado about nothing 
260 |a New York, Estados Unidos 
260 |b Signet 
260 |c 1964 
300 |a 160 páginas 
650 |a LITERATURA INGLESA 
650 |a EN IDIOMA INGLÉS 
650 |a TEATRO 
999 |c 7158  |d 7158 
942 |c 15 D  |h 820 S-5mu  |2 z